00263nam a2200109Ia 4500008004100000245003700041260002200078440000600100521002300106942000700129999001700136140130s9999 xx 000 0 und d cCheryl HarnessaThomas Jefferson bScholastic,c2004 v1 aGrade 7 - Grade 12 cBK c41384d41384